Functional grammar and verbal interaction (Record no. 241365)
[ view plain ]
| 000 -LEADER | |
|---|---|
| fixed length control field | 01648nam a2200397 a 4500 |
| 082 04 - DEWEY DECIMAL CLASSIFICATION NUMBER | |
| Classification number | 415 |
| 245 00 - TITLE STATEMENT | |
| Title | Functional grammar and verbal interaction |
| 260 ## - PUBLICATION, DISTRIBUTION, ETC. (IMPRINT) | |
| Place of publication | Amsterdam ; |
| -- | Philadelphia : |
| Name of publisher | John Benjamin Pub. Co., |
| Year of publication | c1998. |
| 300 ## - PHYSICAL DESCRIPTION | |
| Number of Pages | xii, 308 p. : |
| Other physical details | ill. |
| 490 1# - SERIES STATEMENT | |
| Series statement | Studies in language companion series (SLCS), |
| 505 0# - FORMATTED CONTENTS NOTE | |
| Formatted contents note | pt. 1. Discourse and grammar -- pt. 2. The interpersonal component -- pt. 3. Information structure. |
| 650 #0 - SUBJECT ADDED ENTRY--TOPICAL TERM | |
| Topical Term | Functionalism (Linguistics) |
| Topical Term | Interpersonal communication. |
| Topical Term | Discourse analysis. |
| 700 1# - ADDED ENTRY--PERSONAL NAME | |
| Personal name | Hannay, Michael. |
| Personal name | Bolkestein, A. Machtelt. |
| 856 40 - ELECTRONIC LOCATION AND ACCESS | |
| Uniform Resource Identifier | http://site.ebrary.com/lib/rucke/Doc?id=10495887 |
No items available.
